000 00397pab a2200157 454500
008 180718b2007 xxu||||| |||| 00| 0 eng d
100 _aSadat, Anwar
245 _aSome unanswered questions in the climate change regime
260 _c2007
300 _ap.1496-500.
362 _a28 Apr
650 _aClimatic change
773 _aEconomic and Political Weekly
908 _aN
909 _a73747
999 _c73747
_d73747